000 01715nam0a2200361 4500
001 RU\NLR\bibl\536940
005 20260405162838.0
010 _a5-900578-01-54
_91000
021 _aRU
_b2004-5917
_9305
035 _aRSL-KNO-002408183
035 _a(NLR Aleph) 000529209
090 _a1342214
_c1342214
100 _a20040312d2003 |||y0rusy50 ca
101 0 _arus
102 _aRU
105 _aa |||||||||
106 _ar
200 1 _aЭкономическая и социальная география России
_e9 кл.
_eМетод. пособие для учителей
_fА.С. Ермошкина
_gРос. акад. образования, Ин-т педагогики социал. работы
210 _aМ.
_cИзд-во ИПСР
_d2003
_eг. Старица (Твер. обл.) : ДП ГУ РПП "Старицкая тип."
215 _a261,[2] с.
_cил.
_d20
225 1 _aКомплексная программа РАО "Системная модернизация образования как фактор социального развития села"
320 _aБиблиогр.: с. 261-262 (22 назв.)
607 _aРоссия
_jМетодические пособия
_xГеография
_xПреподавание
_xСредняя школа
_92122575
_3RU\NLR\auth\661281547
686 _aЧ426.43,6(2),0
_2rubbk
686 _aЧ426.43-1
700 1 _4070
_8rus
_7ca
_aЕрмошкина
_bА. С.
_gАлина Сергеевна
_3RU\NLR\auth\7769087
_952015
801 0 _aRU
_bRuMoRKP
_c20040312
_gPSBO
801 1 _aRU
_bRuMoRKP
_c20040312
801 2 _aRU
_bNLR
_c20040706
_gPSBO
830 _aАвт. по кн.
942 _cBOOK
980 _aNB